Представление документа в формате RUSMARC

ПолеНазваниеЗначение
  Тип записи a
  Библиографический уровень c
001 Контрольный номер RU/SLIB/B/208774834
005 Дата корректировки 20240110094423.2
010 Индекс ISBN __
d Цена 9 800-00
101 Язык документа 0_
a Язык текста rus
200 Заглавие и сведения об ответственности 1_
a Заглавие Граф Калиостро
b Общее обозначение материала Текст
210 Выходные данные 1_
a Место издания Ульяновск
c Издательство Симб. кн.
d Дата издания 1994
215 Физическое описание __
a Объем 335 с.
327 Примечание о содержании 0_
a Примечание о содержании Чудесная жизнь графа Калиостро / М. А. Кузмин
606 Тематические рубрики __
a Основная рубрика Художественная литература
y Географическая подрубрика Россия ; Франция
606 Тематические рубрики __
a Основная рубрика Мировая литература (произведения)
610 Ключевые слова 0_
a Ключевые слова французская литература; романы-биографии; авантюрные романы; повести
686 Индексы других классификаций __
a Классификационный индекс 84(0)6-4
702 Вторичная интеллектуальная ответственность _1
a Фамилия Кузмин
b Имя М. А.
4 Код отношения Автор
4 Код отношения 070
702 Вторичная интеллектуальная ответственность _1
a Фамилия Толстой
b Имя А. Н.
4 Код отношения Автор
4 Код отношения 070
702 Вторичная интеллектуальная ответственность _1
a Фамилия Леблан
b Имя М.
4 Код отношения Автор
4 Код отношения 070
801 Источник записи _0
a Страна RU
b Организация Муниципальное бюджетное учреждение культуры "Централизованная библиотечная система" г. Сургут (Центральная городская библиотека им. А. С. Пушкина)
g Правила каталогизации КиК/Михайлова
801 Источник записи _1
a Страна RU
b Организация Муниципальное бюджетное учреждение культуры "Централизованная библиотечная система" г. Сургут (Центральная городская библиотека им. А. С. Пушкина)
g Правила каталогизации КиК/Михайлова
852 Данные о местонахождении __
j Шифр хранения 84(0)6-4
i Авторский знак Г 78
p Инвентарный номер 57697
901 Тип документа __
t Тип документа x
969 Тип издания __
a Тип издания сборник
990 Данные о заказе (DOS) __
j Количество экземпляров (DOS) 3
t N записи в КСУ для И/У (DOS) 199601